Eastern Utah Libraries Catalog: Duchesne, Heber, Roosevelt, & Vernal

Llama rocks the cradle of chaos / (Record no. 376529)

MARC details
000 -LEADER
fixed length control field 01681pam a2200433 i 4500
001 - CONTROL NUMBER
control field 1273050159
003 - CONTROL NUMBER IDENTIFIER
control field DLC
005 - DATE AND TIME OF LATEST TRANSACTION
control field 20220815172613.0
007 - PHYSICAL DESCRIPTION FIXED FIELD--GENERAL INFORMATION
fixed length control field t||
008 - FIXED-LENGTH DATA ELEMENTS--GENERAL INFORMATION
fixed length control field 210921s2022 nyua a 000 1 eng
010 ## - LIBRARY OF CONGRESS CONTROL NUMBER
LC control number 2021046209
020 ## - INTERNATIONAL STANDARD BOOK NUMBER
International Standard Book Number 9781250776761
Qualifying information hardcover
035 ## - SYSTEM CONTROL NUMBER
System control number (OCoLC)1273050159
040 ## - CATALOGING SOURCE
Original cataloging agency NJQ/DLC
Language of cataloging eng
Description conventions rda
Transcribing agency DLC
Modifying agency TnLvILS
042 ## - AUTHENTICATION CODE
Authentication code pcc
-- lcac
092 ## - LOCALLY ASSIGNED DEWEY CALL NUMBER (OCLC)
Classification number Children Picture Book
Item number Stutzman, Jonathan
100 1# - MAIN ENTRY--PERSONAL NAME
Personal name Stutzman, Jonathan,
Relator term author.
Relator code aut.
9 (RLIN) 6005268
245 10 - TITLE STATEMENT
Title Llama rocks the cradle of chaos /
Statement of responsibility, etc Jonathan Stutzman ; illustrated by Heather Fox.
250 ## - EDITION STATEMENT
Edition statement First edition.
264 #1 - Production, Publication, Distribution, Manufacture, and Copyright Notice.
Place of production, publication, distribution, manufacture New York :
Name of producer, publisher, distributor, manufacturer Henry Holt Books for Young Readers,
Date of production, publication, distribution, manufacture, or copyr [2022]
264 #4 - Production, Publication, Distribution, Manufacture, and Copyright Notice.
Date of production, publication, distribution, manufacture, or copyr 2.
300 ## - PHYSICAL DESCRIPTION
Extent 1 volume (unpaged) :
Other physical details color illustrations ;
Dimensions 27 cm.
336 ## - Content Type
Content type term text
336 ## - Content Type
Content type term still image
337 ## - Media type
Media type term unmediated
338 ## - Carrier type
Carrier type term volume
520 ## - SUMMARY, ETC.
Summary, etc Greedy Llama travels back in time to eat his marvelous birthday donut a second time, but a Baby Llama follows him to the present, and soon his house is a chaos of cave llamas, barbarian bunnies, and Viking pigs.
521 1# - TARGET AUDIENCE NOTE
Target audience note Ages 4-8.
Source Henry Holt Books for Young Readers.
521 2# - TARGET AUDIENCE NOTE
Target audience note Grades 2-3.
Source Henry Holt Books for Young Readers.
650 #0 - SUBJECT ADDED ENTRY--TOPICAL TERM
Topical term or geographic name as entry element Llamas
Form subdivision Juvenile fiction.
9 (RLIN) 5689332
650 #0 - SUBJECT ADDED ENTRY--TOPICAL TERM
Topical term or geographic name as entry element Time travel
Form subdivision Juvenile fiction.
9 (RLIN) 5675075
650 #0 - SUBJECT ADDED ENTRY--TOPICAL TERM
Topical term or geographic name as entry element Humorous stories.
650 #1 - SUBJECT ADDED ENTRY--TOPICAL TERM
Topical term or geographic name as entry element Llamas
Form subdivision Fiction.
9 (RLIN) 5735414
650 #1 - SUBJECT ADDED ENTRY--TOPICAL TERM
Topical term or geographic name as entry element Time travel
Form subdivision Fiction.
9 (RLIN) 5674119
655 #7 - INDEX TERM--GENRE/FORM
Genre/form data or focus term Humorous fiction.
Source of term lcgft.
700 1# - ADDED ENTRY--PERSONAL NAME
Personal name Fox, Heather,
Relator term illustrator.
9 (RLIN) 6005271
907 ## - LOCAL DATA ELEMENT G, LDG (RLIN)
a .b461554422
942 ## - ADDED ENTRY ELEMENTS (KOHA)
Source of classification or shelving scheme Dewey Decimal Classification
Koha item type BOOK
Holdings
Withdrawn status Lost status Source of classification or shelving scheme Damaged status Not for loan Collection code Home library Current library Shelving location Date acquired Source of acquisition Total Checkouts Total Renewals Full call number Barcode Date last seen Date checked out Cost, replacement price Price effective from Koha item type
    Dewey Decimal Classification     Children Picture Books Wasatch County Library Wasatch County Library Main Floor Childrens Area 08/15/2022 Micromarketing 11 13 E Stutzman 34301001893660 10/21/2025 09/02/2025 18.99 08/15/2022 BOOK
This project was made possible through a grant from the Institute of Museum and Library Service administered by the Utah State Library Division.

Wasatch County Library

  • 465 East 1200 South, Heber City, Utah 84032
  • Phone 435-654-1511 | Fax 435-654-6456

Hours

  • Monday - Friday 9:30 AM - 8:00 PM
  • Saturday 9:30 AM - 1:30 PM
  • Closed Sundays and Holidays